000 01395nam a2200277 i 4500
003 IT-RoINE
005 20200515100825.0
008 900725s1974 it |r 1 1|||mul|d
040 _aSpMaBN
_cA2 IT-RoINE
_dIT-RoINE
041 0 _afre
_ager
_aita
110 2 _951734
_aUniversità cattolica del Sacro Cuore.
_bCentro di studi medioevali.
_bSettimana internazionale di studio
_n(5ª.
_d1971.
_cPasso della Mendola, Italia)
245 1 3 _aLe istituzioni ecclesiastiche della "Societas christiana" dei secoli XI-XII :
_bpapato, cardinalato ed episcopato : atti della quinta Settimana internazionale di studio, Mendola, 26-31 agosto 1971.
260 _aMilano :
_bVita e Pensiero,
_c[1974]
300 _aXVI, 541 p. ;
_c24 cm.
336 _2rdacontent
_atext
337 _2rdamedia
_aunmediated
338 _2rdacarrier
_avolume
490 1 _aPubblicazioni dell'Università Cattolica del Sacro Cuore.
_aMiscellanea del Centro di Studi Medioevali ;
_v7
500 _aIncluye índices.
504 _aIncluye referencias bibliográficas en notas.
546 _aTextos en alemán, francés e italiano.
650 4 _951736
_aPoder temporal de los jefes religiosos
650 4 _aIglesia
_xGobierno
_xHistoria
_y600-1500 (Edad media)
_vCongresos
_954331
830 0 _951709
_aPubblicazioni dell'Università cattolica del Sacro Cuore.
_pMiscellanea del Centro di studi medioevali
_v7
942 _cMTS
999 _c26127
_d26127